Online
Catalog

Larousse 2000 : (Record no. 57389)

MARC details
000 -CABECERA
campo de control de longitud fija 03305nam a2200349 i 4500
003 - IDENTIFICADOR DEL NÚMERO DE CONTROL
campo de control DO-SdBNP
005 - FECHA Y HORA DE LA ÚLTIMA TRANSACCIÓN
campo de control 20240815121623.0
007 - CAMPO FIJO DE DESCRIPCIÓN FÍSICA--INFORMACIÓN GENERAL
campo de control de longitud fija ta
008 - DATOS DE LONGITUD FIJA--INFORMACIÓN GENERAL
campo de control de longitud fija 240808s2001 sp abc e 000 0 spa d
020 ## - NÚMERO INTERNACIONAL ESTÁNDAR DEL LIBRO
Número Internacional Estándar del Libro 8489898502 (colección completa)
020 ## - NÚMERO INTERNACIONAL ESTÁNDAR DEL LIBRO
Número Internacional Estándar del Libro 8489898707 (actualización 2001)
040 ## - FUENTE DE LA CATALOGACIÓN
Centro catalogador/agencia de origen DO-SdBNP
Lengua de catalogación spa
Centro/agencia transcriptor BNPHU
Normas de descripción rda
082 #4 - NÚMERO DE LA CLASIFICACIÓN DECIMAL DEWEY
Número de clasificación 036.1
Número de documento/Ítem L332 2001
Número de edición 22
245 00 - MENCIÓN DE TÍTULO
Título Larousse 2000 :
Resto del título actualización 2001 /
Mención de responsabilidad, etc. dirección Núria Lucena Cayuela ; edición Jordi Induráin Pons, Emili López Tossas ; redacción Olga Ferrani I Andreu, M. Ángels Casanovas Freixas, Fina Oliu Cucó
264 #1 - PRODUCCIÓN, PUBLICACIÓN, DISTRIBUCIÓN, FABRICACIÓN Y COPYRIGHT
Producción, publicación, distribución, fabricación y copyright Barcelona, España :
Nombre del de productor, editor, distribuidor, fabricante Planeta,
-- Temáticos Larousse,
Fecha de producción, publicación, distribución, fabricación o copyright 2001.
300 ## - DESCRIPCIÓN FÍSICA
Extensión 344 páginas :
Otras características físicas ilustraciones, mapas, retratos ;
Dimensiones 30 cm.
336 ## - TIPO DE CONTENIDO
Fuente rdacontent
Término de tipo de contenido texto
Código de tipo de contenido txt
337 ## - TIPO DE MEDIO
Fuente rdamedia
Nombre/término del tipo de medio sin mediación
Código del tipo de medio n
338 ## - TIPO DE SOPORTE
Fuente rdacarrier
Nombre/término del tipo de soporte volumen
Código del tipo de soporte nc
500 ## - NOTA GENERAL
Nota general Incluye índice onomástico.
505 0# - NOTA DE CONTENIDO CON FORMATO
Título Preliminares --
-- Imágenes del año --
Información miscelánea Panorama Internacional --
Título Internacional: resumen del año. --
-- Presidenciales norteamericanas: cara a cara entre Bush y Gore --
-- La caída de Milosevic --
-- Palestina: fracaso negociador y nueva intifada --
-- Rusia: el estado no existe, pero vigila --
-- Perú: la luz al final del túnel --
-- El fin de la supremacía del P.R.I. en México --
-- La ultraderecha en Austria: el renacer de un fantasma --
Información miscelánea España --
Título El año político --
-- La evolución económica --
-- Las elecciones legislativas del 2000 --
Información miscelánea Economía --
Título La debilidad del euro frente al dólar --
-- La nueva economía; perdiendo el adjetivo --
-- Microsoft: monopolio y desarrollo tecnológico --
Información miscelánea Cultura --
Título El año literario --
-- El mundo del arte --
-- Música --
-- Teatro y danza --
-- El cine en el mundo en 2000 --
Información miscelánea Sociedad --
Título La inmigración --
Información miscelánea Ciencia y técnica --
Título El proyecto genoma humano --
-- La estación espacial internacional --
-- Buscadores y portales en la red --
Información miscelánea Medio ambiente --
Título Resumen medioambiental del año --
Información miscelánea Deportes --
Título Resumen deportivo del año --
-- Los juegos olímpicos de Sydney --
Información miscelánea Personajes del año --
Título Protagonistas --
-- Obituario --
Información miscelánea Efemérides --
Título V centenario del nacimiento del emperador Carlos V --
-- 400 aniversario del nacimiento de Calderón de la Barca --
-- 250 aniversario de la muerte de Bach --
-- Centenario del nacimiento de Buñuel --
-- Centenario del nacimiento de María Moliner --
-- Centenario de la muerte de Nietzsche --
-- 50 aniversario del Talgo --
-- 50 aniversario de Seat --
-- 25 aniversario de la coronación de Juan Carlos I --
-- Otras conmemoraciones --
Información miscelánea Premios --
Título Arte --
-- Artes escénicas --
-- Cine --
-- Literatura --
-- Música --
-- Nacionales --
-- Nobel --
-- Ondas --
-- Praemium imperiale --
-- Príncipe de Asturias --
-- Estadísticas --
-- Países del mundo --
-- Suplemento enciclopédico --
-- Índice onomástico
590 ## - NOTA LOCAL (RLIN)
Nota local Inventariado, 2024/ YL
650 #4 - PUNTO DE ACCESO ADICIONAL DE MATERIA--TÉRMINO DE MATERIA
Término de materia o nombre geográfico como elemento de entrada Diccionario Enciclópedico
9 (RLIN) 86131
700 1# - PUNTO DE ACCESO ADICIONAL--NOMBRE DE PERSONA
Nombre de persona Lucena Cayuela, Núria,
Término indicativo de función/relación dirección
9 (RLIN) 86242
700 1# - PUNTO DE ACCESO ADICIONAL--NOMBRE DE PERSONA
Nombre de persona Induráin Pons, Jordi,
Término indicativo de función/relación edición
9 (RLIN) 86243
700 1# - PUNTO DE ACCESO ADICIONAL--NOMBRE DE PERSONA
Nombre de persona López Tossas, Emili,
Término indicativo de función/relación edición
9 (RLIN) 86244
700 1# - PUNTO DE ACCESO ADICIONAL--NOMBRE DE PERSONA
Nombre de persona Ferrani I Andreu, Olga,
Término indicativo de función/relación redacción
9 (RLIN) 86245
700 1# - PUNTO DE ACCESO ADICIONAL--NOMBRE DE PERSONA
Nombre de persona Casanovas Freixas, M. Ángels
9 (RLIN) 86246
700 1# - PUNTO DE ACCESO ADICIONAL--NOMBRE DE PERSONA
Nombre de persona Oliu Cucó, Fina
Término indicativo de función/relación redacción
9 (RLIN) 86247
910 ## - DATOS DE OPCIÓN DEL USUARIO (OCLC)
Datos de opción del usuario YLockward. Validado control de calidad/MAA
942 ## - ELEMENTOS DE PUNTO DE ACCESO ADICIONAL (KOHA)
Fuente del sistema de clasificación o colocación Dewey Decimal Classification
Tipo de ítem Koha Libro
Holdings
Estado de retiro Estado de pérdida Fuente del sistema de clasificación o colocación Restricciones de uso No para préstamo Código de colección Localización permanente Ubicación/localización actual Ubicación en estantería Fecha de adquisición Fuente de adquisición Total de préstamos Signatura topográfica completa Código de barras Fecha visto por última vez Precio válido a partir de Tipo de ítem Koha
    Dewey Decimal Classification Préstamo en sala   Referencia General Biblioteca Nacional Pedro Henríquez Ureña Biblioteca Nacional Pedro Henríquez Ureña Depósito 08.08.2024 Donado por Fundi   BNPHU R-GR 036.1 L332 2001 2024-4711 08.08.2024 08.08.2024 Libro

Powered by Koha